000 00368nam a2200157Ia 4500
003 OSt
005 20240202120127.0
008 170523s9999 xx 000 0 und d
020 _a ‎ 978-8122504279
040 _ciimt university meerut
100 _aRATHNAM- RAJE
245 0 _aCOST ACCOUNTING
260 _bHIMALAYA PUBLICATION
260 _c1998
942 _2ddc
_c02
999 _c222
_d222